Usus al-baḥth al-ijtimaāʻī / (Record no. 46451)

MARC details
000 -LEADER
fixed length control field 00716cam a22002291a 4500
001 - CONTROL NUMBER
control field ne 63002430
003 - CONTROL NUMBER IDENTIFIER
control field DLC
005 - DATE AND TIME OF LATEST TRANSACTION
control field 20260227111752.0
008 - FIXED-LENGTH DATA ELEMENTS--GENERAL INFORMATION
fixed length control field 910805s1963 ua b 000 0 ararc
010 ## - LIBRARY OF CONGRESS CONTROL NUMBER
LC control number ne 63002430
035 ## - SYSTEM CONTROL NUMBER
System control number (OCoLC)24177614
040 ## - CATALOGING SOURCE
Original cataloging agency Princeton Univ. Libr. for DLC
Transcribing agency MWalB
Modifying agency MWalB
-- DLC
042 ## - AUTHENTICATION CODE
Authentication code premarc
050 00 - LIBRARY OF CONGRESS CALL NUMBER
Classification number H62
Item number .Z3
100 1# - MAIN ENTRY--PERSONAL NAME
Personal name Zakī, Jamāl,
Dates associated with a name 1923-
245 10 - TITLE STATEMENT
Title Usus al-baḥth al-ijtimaāʻī /
Statement of responsibility, etc. taʼlīf Jamāl Zakī, al-Sayyid Yāsīn.
260 ## - PUBLICATION, DISTRIBUTION, ETC.
Place of publication, distribution, etc. [al-Qāhirah] :
Name of publisher, distributor, etc. Dār al-Fikr al-ʻArabī,
Date of publication, distribution, etc. [1963]
300 ## - PHYSICAL DESCRIPTION
Extent 498 p. ;
Dimensions 24 cm.
504 ## - BIBLIOGRAPHY, ETC. NOTE
Bibliography, etc. note Includes bibliographical references.
650 #0 - SUBJECT ADDED ENTRY--TOPICAL TERM
Topical term or geographic name entry element Social sciences
General subdivision Research.
700 1# - ADDED ENTRY--PERSONAL NAME
Personal name Yāsīn, al-Sayyid.

No items available.

Powered by Koha